00394 a2200145 4500003000500000005001700005040000900022082001000031100002900041245009200070260003700162300001400199650001600213651001900229Nust20170207171856.0 cNust a005.1 aAbbasi, Ahtsham BESE-18 aCardiac C-Thal System (Hard / Soft-copy)cAhrshamAbbasi, Aneela Zulfiqar, Hammad Ansari aMCS, NUSTbRawalpindicJune 2016 axii, 97 p aUG Projects aUG CSE Project